Znaczenie gier symulacyjnych w łańcuchu jakości

Uložené v:
Podrobná bibliografia
Hlavný autor: Pudło, Patrycja
Médium: Kapitola
Jazyk:Polish
Tagy: Pridať tag
Žiadne tagy, Buďte prvý, kto otaguje tento záznam!

MARC

LEADER 00000naa$a2200000$$$4500
001 0158100
005 20240502083351.3
041 0 |a pol 
044 |a BE 
245 1 0 |a Znaczenie gier symulacyjnych w łańcuchu jakości  |c Patrycja Pudło 
100 1 |a Pudło, Patrycja